Nisäkkäitä - Äkkikuolema - Statistics

Yleistilastot
  • Tätä visaa on pelattu 3 431 kertaa
  • Keskiarvotulos 9 / 16
Answers on the Grid
Answers color-coded by a green-red scale on the quiz's grid according to % correct below.
Ahma
Alpakka
Anakonda
Ara
Avosetti
Emu
Gnuu
Harjus
Hilleri
Hummeri
Jakki
Kameleontti
Kapybara
Kaskelotti
Kiivi
Koala
Kondori
Krilli
Lunni
Made
Maki
Manaatti
Näätä
Oranki
Raakku
Rausku
Sarvivalas
Tapiiri
Tsintsilla
Tukaani
Valashai
Vesinokkaeläin
 
Vastaustilastot
Vastaus % Oikein
Ahma
76%
Näätä
75%
Koala
73%
Alpakka
72%
Oranki
71%
Hilleri
60%
Jakki
59%
Kapybara
58%
Gnuu
53%
Vesinokkaeläin
51%
Maki
50%
Tapiiri
48%
Tsintsilla
47%
Sarvivalas
41%
Manaatti
36%
Kaskelotti
35%
Ehtoja vastaavia visoja ei löytynyt
Tulosjakauma
Jokaisen tuloksen saaneiden osuus
Persentiili vastausten määrän mukaan
Tuloshistoriasi
Et ole pelannut tätä visaa